000
00254nam a2200109Ia 4500
008
231212s1975 xx 000 0 und d
041
_a
eng
082
_a
542
100
_a
Popov E.
245
_a
Modern Robot Engineering
260
_a
Mascow
_b
Mir Pub
_c
1975
999
_c
958497
_d
958497